[Event "Medellin Aristizabal Cup"]
[Site "Medellin"]
[Date "2018.07.08"]
[Round "6"]
[White "Olarte Puerta, Carlos Andres"]
[Black "Gomez Ospina, Juan Pablo"]
[Result "1-0"]
[WhiteElo "1699"]
[BlackElo "1472"]
[PlyCount "45"]
[EventDate "2018.07.04"]
[EventType "swiss"]
[EventRounds "7"]
[EventCountry "COL"]
[SourceTitle "CBM 185 Extra"]
[Source "ChessBase"]
[SourceDate "2018.07.29"]
[SourceVersion "1"]
[SourceVersionDate "2018.07.29"]
[SourceQuality "1"]

1. d4 f5 2. c4 Nf6 3. Nc3 e6 4. g3 d5 5. Bg2 c6 6. cxd5 cxd5 7. Nh3 Bd6 8. 0-0 a6 9. f3 0-0 10. Nf2 f4 11. gxf4 Nh5 12. e3 Qh4 13. Ng4 Bd7 14. Bd2 Bc6 15. Ne5 Nd7 16. Qb3 Qe7 17. Rac1 Rfb8 18. Ne2 Nhf6 19. Ng3 Bxe5 20. fxe5 Ne8 21. e4 Nc7 22. f4 Nb5 23. exd5 1-0

[Event "Medellin Aristizabal Cup"]
[Site "Medellin"]
[Date "2018.07.07"]
[Round "4"]
[White "Gomez Ospina, Juan Pablo"]
[Black "Morales, Luis Eduardo"]
[Result "1/2-1/2"]
[WhiteElo "1472"]
[BlackElo "1738"]
[PlyCount "20"]
[EventDate "2018.07.04"]
[EventType "swiss"]
[EventRounds "7"]
[EventCountry "COL"]
[SourceTitle "CBM 185 Extra"]
[Source "ChessBase"]
[SourceDate "2018.07.29"]
[SourceVersion "1"]
[SourceVersionDate "2018.07.29"]
[SourceQuality "1"]

1. e4 c6 2. d4 d5 3. exd5 cxd5 4. Nf3 Nc6 5. Be3 Bg4 6. Be2 e6 7. 0-0 Nf6 8. Nbd2 Bd6 9. c4 Rc8 10. Rc1 dxc4 1/2-1/2

[Event "Medellin Aristizabal Cup"]
[Site "Medellin"]
[Date "2018.07.07"]
[Round "5"]
[White "Gomez Ospina, Juan Pablo"]
[Black "Paniagua, Fabio de Jesus"]
[Result "0-1"]
[WhiteElo "1472"]
[BlackElo "1801"]
[PlyCount "66"]
[EventDate "2018.07.04"]
[EventType "swiss"]
[EventRounds "7"]
[EventCountry "COL"]
[SourceTitle "CBM 185 Extra"]
[Source "ChessBase"]
[SourceDate "2018.07.29"]
[SourceVersion "1"]
[SourceVersionDate "2018.07.29"]
[SourceQuality "1"]

1. e4 e5 2. Nf3 Nc6 3. Bb5 a6 4. Ba4 Nf6 5. d3 d6 6. 0-0 Be7 7. c3 0-0 8. Re1 b5 9. Bc2 Bb7 10. Nbd2 Re8 11. Nf1 Bf8 12. Ng3 g6 13. Be3 Bg7 14. h3 d5 15. exd5 Nxd5 16. Qd2 Nxe3 17. fxe3 Qe7 18. e4 Rad8 19. b4 Rd6 20. Qe3 Nd8 21. Rad1 Ne6 22. Bb3 Red8 23. Rd2 Nf4 24. Red1 Bh6 25. Kf1 Bc8 26. d4 exd4 27. Rxd4 Be6 28. Rxd6 Rxd6 29. Rxd6 Qxd6 30. Bxe6 Qxe6 31. Qd2 Qc4+ 32. Ne2 Nxe2 33. Qxe2 Qxc3 0-1